| 000 | 00771nam a2200229 a 4500 | ||
|---|---|---|---|
| 008 | |||
| 049 | _aMAIN | ||
| 090 |
_aTA710 _bMIT |
||
| 100 | _aMittal, Satyendra. | ||
| 245 | 0 |
_aSoil testing for engineers / _cSatyendra Mittal. |
|
| 250 | _a2nd Revised ed. | ||
| 260 |
_aDelhi : _bKhanna Publishers, _c1993. |
||
| 300 |
_a112 p. : _bill. ; _c24cm. |
||
| 504 | _aIncludes bibliographical references. | ||
| 650 |
_aEngineers _xsoil testing. |
||
| 650 | _aSoil test--compaction--consolidation--dynamic cone--permeability--standard penetration--triaxial compression--unconfined compression. | ||
| 907 |
_a.b10244700 _b24-09-15 _c16-05-07 |
||
| 003 | |||
| 005 | 20230123134445.0 | ||
| 040 | _cNUST | ||
| 942 |
_cBOOKS _kTA710 _mMIT |
||
| 999 |
_c166256 _d166256 |
||